| 000 | 00882nas a2200301 4500 | ||
|---|---|---|---|
| 001 | BR9507577 | ||
| 003 | BR-BrBNA | ||
| 005 | 20231205095429.0 | ||
| 007 | ta | ||
| 008 | 230509b bl.|||p| |||| 00| 00por d | ||
| 040 |
_aBR-BrBNA _bpor _cBiblioteca Nacional de Agricultura |
||
| 041 | _a(Pt) | ||
| 072 | _aQ03 | ||
| 100 | 1 | _aCosta, C.A. da | |
| 100 | 1 | _aCasali, V.W.D. | |
| 100 | 1 | _aLoures, E.G. | |
| 100 | 1 | _aCecon, P.R. | |
| 100 | 1 | _aJordao, C.P. | |
| 245 | 1 | _aTeor de metais pesados em alface (Lactuca sativa L.)adubada com composto organico de lixo urbano | |
| 650 | _aAlface | ||
| 650 | _aAdubo de Esgoto | ||
| 650 | _aResiduo | ||
| 650 | _aMetal Pesado | ||
| 650 | _aFitotoxicidade | ||
| 773 | 0 |
_tRevista Ceres (Brazil) _xISSN 0034-737X _g(Nov-Dec 1994), v. 41(238) p. 629-640 _wBR9507577 |
|
| 909 |
_a202311 _bLúcia _c55 _dLúcia Elande |
||
| 942 |
_2AGRIS _n0 _cANA |
||
| 999 |
_c150622 _d150622 |
||